| 000 | 00956cab a2200253 4500 | ||
|---|---|---|---|
| 001 | ABS59770 | ||
| 008 | 090401t1999 xxu||||| |||| 00| 0 eng d | ||
| 035 | _a(Sirsi) u90355 | ||
| 041 | _aeng | ||
| 100 | _aTaylor, G. | ||
| 245 | 4 | _aThe European steelwork market: sustained development is reported | |
| 260 | _c1999 | ||
| 350 | _a0 | ||
| 490 |
_aNew Steel Construction _v6(6) December1998/January 1999, 15-19(3) |
||
| 520 | _aComparative discussion reviewing the production of constructional steelwork in over a dozen European countries. Looks at construction demand and the SECTEUR report who found that the UK had one of the lowest construction levels in the EU. Examines the reasons for the decline. Tables. | ||
| 650 | _aCONSTRUCTION DEMAND | ||
| 650 | _aCONSTRUCTION LEVELS | ||
| 650 | _aDECLINE | ||
| 650 | _aSTATISTICS | ||
| 650 | _aSTEELWORK | ||
| 690 | _aBUILDING AND CONSTRUCTION-ECONOMICS | ||
| 942 | _n0 | ||
| 948 | _c16/12/1998 | ||
| 999 |
_c57284 _d57284 |
||